000 00474nam a22001697a 4500
005 20251108175204.0
008 250721s2012 xx 000 0 ara d
082 1 4 _a370.1/حجا
100 1 _aالحجاوي، حمد سلمان صالح
245 1 0 _aإضاءات تربوية و تعليمية /
264 1 _aعمان :
_bالحجاوي،
_c2012.
300 _a140 ص.
650 1 7 _aالتعلم
650 1 7 _aالتربية
942 _2ddc
_cBK
999 _c128255
_d128255